Низький уклін нашим визволителям : 2 лют. виповнюється 60 р. з дня визволення Рівного від нім.-фашист. загарбників:[Про визволення обл. та м.Рівного] (Запис № 303221)

МАРК-запис
000 -Лідер
fixed length control field 00662nam a22001697a 4500
003 - Ідентифікатор контрольного номера
control field UA-OsUOA
001 - Контрольний номер
control field 17053
007 - Фіксоване поле фізичного опису
fixed length control field ta
008 - Елементи даних фіксованої довжини – загальна інформація
fixed length control field 20040209b un ||||| |||| 00| 0 ukr d
040 ## - Джерело каталогізації
Агенція оригінальної каталогізації UA-OsUOA
Агенція, яка здійснювала перезапис UA-OsUOA
Агенція, яка здійснювала модифікацію UA-OsUOA
245 ## - Відомості про назву
Назва (НП) Низький уклін нашим визволителям : 2 лют. виповнюється 60 р. з дня визволення Рівного від нім.-фашист. загарбників:[Про визволення обл. та м.Рівного]
300 ## - Фізичний опис
Обсяг С.1,3
650 #7 - Додаткове предметне введення – тематичний термін
Тематичний термін чи географічна назва, як елемент введення (НП) Історія
Джерело заголовка чи терміна UDC
773 0# - Введення хост-одиниці (П)
Контрольний номер запису (П) 0
Назва (НП) Рівненський діалог
Місце, видавець та дата видання (НП) Рівне
-- 2004
Інформація про взаємозв’язок (П) №5
942 ## - Додаткові елементи входу (Коха)
Тип елемента Koha Стаття періодики
955 ## - Код типу видання за змістом
Код типу видання за змістом (НП) інше

Немає доступних примірників.